ბათუმის შოთა რუსთაველის სახელმწიფო უნივერსიტეტის ბიბლიოთეკა

დაწყებითი სწავლების ფსიქოლოგია : (ბიბ.ჩანაწერი № 38356)

000 -ლიდერი
ფიქსირებული სიგრძის საკონტროლო ველი 00974nam a2200217Ia 4500
001 - საკონტროლო ნომერი
საკონტროლო ველი 4366
003 - საკონტროლო ნომრის იდენტიფიკატორი
საკონტროლო ველი GE_BSU
005 - ბოლო ოპერაციის თარიღი და დრო
საკონტროლო ველი 20191004112621.0
008 - ფიქსირებული სიგრძის მონაცემთა ელემენტები - ზოგადი ინფორმაცია
ფიქსირებული სიგრძის საკონტროლო ველი 181216s1981||||ge |||||||||||||| ||geo||
040 ## - კატალოგიზაციის წყარო
Transcribing agency GE_BSU
041 ## - ენის კოდი
Language code of text/sound track or separate title geo
080 ## - უნივერსალური ათობითი კლასიფიკაციის ინდექსი
Universal Decimal Classification number 37.015.3 დ–25
245 ## - ცნობა სათაურის შესახებ
Title დაწყებითი სწავლების ფსიქოლოგია :
Remainder of title სტატიების კრებული /
Statement of responsibility, etc რედ. ი. კოტეტიშვილი.
264 ## - წარმოების, გამოცემის, დისტრიბუციის და სხვა ცნობები
გამოცემის, წარმოების, დისტრიბუციის... ადგილი თბ. :
გამოცემის, წარმოების, დისტრიბუციის... სახელწოდება მეცნიერება,
გამოცემის, წარმოების, დისტრიბუციის... თარიღი 1981.
300 ## - ფიზიკური აღწერა
Extent 302 გვ. ;
Other physical details 21 სმ.
520 ## - SUMMARY, ETC.
Summary, etc ყოველი სტატიის ბოლოს რეზ. რუს.
653 ## - INDEX TERM--UNCONTROLLED
Uncontrolled term პედაგოგიკური ფსიქოლოგია
700 ## - ADDED ENTRY--PERSONAL NAME
Personal name კოტეტიშვილი, ი.
Relator term რედაქტორი
9 (RLIN) 4499
710 ## - ADDED ENTRY--CORPORATE NAME
Corporate name or jurisdiction name as entry element დ. უზნაძის სახ. ფსიქოლოგიის ინ-ტი.
9 (RLIN) 4500
942 ## - ADDED ENTRY ELEMENTS (KOHA)
Koha item type წიგნი
Source of classification or shelving scheme
ეგზემპლარები
ჩამოწერის სტატუსი დაკარგული ეგზემპლარის სტატუსი კლასიფიკაციის წყარო ან თაროზე გაწყობის სქემა დაზიანების სტატუსი არ გაიცემა მუდმივი მდებარეობა (დაცვის ადგილი) ამჟამინდელი ადგილსამყოფელი თაროზე განთავსების ადგილი შეძენის თარიღი ღირებულება, შესყიდვის ნორმალური ფასი სრული შენახვის შიფრი შტრიხკოდი ბოლო ოპერაციის თარიღი ეგზემპლარის მიმდევრობითი ნომერი (კეტერი?) ფასის ძალაში შესვლის თარიღი ეგზემპლარის სახეობა საჯარო შენიშვნა
          ბათუმის შოთა რუსთაველის სახელმწიფო უნივერსიტეტის მთავარი ბიბლიოთეკა ბათუმის შოთა რუსთაველის სახელმწიფო უნივერსიტეტის მთავარი ბიბლიოთეკა წიგნსაცავი 2018-12-17 2.00 37.015.3 დ–25 5882 2018-12-17 5882 2018-12-17 წიგნი 2 ლ. 40 თ.